|
|
|
|
| LEADER |
00000cam a2200000 c 4500 |
| 001 |
211916412 |
| 003 |
DE-627 |
| 005 |
20260206194817.0 |
| 007 |
tu |
| 008 |
960618s1996 gw ||||| 00| ||ger c |
| 015 |
|
|
|a 96,N26,0254
|2 dnb
|
| 015 |
|
|
|a 96,A36,0487
|2 dnb
|
| 016 |
7 |
|
|a 947679472
|2 DE-101
|
| 020 |
|
|
|a 3110153602
|c : ca. DM 32.00 (brosch.)
|9 3-11-015360-2
|
| 035 |
|
|
|a (DE-627)211916412
|
| 035 |
|
|
|a (DE-603)04929198X
|
| 035 |
|
|
|a (DE-576)052904571
|
| 035 |
|
|
|a (DE-599)DNB947679472
|
| 035 |
|
|
|a (OCoLC)845181051
|
| 035 |
|
|
|a (OCoLC)214698992
|
| 035 |
|
|
|a (OCoLC)426542656
|
| 040 |
|
|
|a DE-627
|b ger
|c DE-627
|e rakwb
|
| 041 |
|
|
|a ger
|
| 044 |
|
|
|c XA-DE
|c XD-US
|
| 072 |
|
7 |
|a LAW000000
|2 bisacsh
|
| 082 |
0 |
|
|a 070.4493454301
|q SEPA
|2 23
|
| 084 |
|
|
|a 19
|2 sdnb
|
| 084 |
|
|
|a 19
|a 14
|a 06
|2 sdnb
|
| 084 |
|
|
|a PC 2900
|2 rvk
|0 (DE-625)rvk/135067:
|
| 084 |
|
|
|a PC 4750
|2 rvk
|0 (DE-625)rvk/135086:
|
| 084 |
|
|
|a PG 430
|2 rvk
|0 (DE-625)rvk/135945:
|
| 084 |
|
|
|a PC 4720
|2 rvk
|0 (DE-625)rvk/135084:
|
| 084 |
|
|
|a 86.05
|2 bkl
|
| 090 |
|
|
|a a
|
| 100 |
1 |
|
|a Huff, Martin W.
|0 (DE-588)172160995
|0 (DE-627)697076067
|0 (DE-576)17556924X
|4 aut
|
| 109 |
|
|
|a Huff, Martin W.
|
| 245 |
1 |
0 |
|a Justiz und Öffentlichkeit
|b Information ist auch eine Aufgabe der Gerichte ; überarbeitete und ergänzte Fassung eines Vortrages, gehalten vor der Juristischen Gesellschaft zu Berlin, am 17. Januar 1996
|c von Martin W. Huff
|
| 263 |
|
|
|a brosch. : ca. DM 32.00
|
| 264 |
|
1 |
|a Berlin [u.a.]
|b de Gruyter
|c 1996
|
| 300 |
|
|
|a 36 S.
|c 23 cm
|
| 336 |
|
|
|a Text
|b txt
|2 rdacontent
|
| 337 |
|
|
|a ohne Hilfsmittel zu benutzen
|b n
|2 rdamedia
|
| 338 |
|
|
|a Band
|b nc
|2 rdacarrier
|
| 490 |
1 |
|
|a Schriftenreihe der Juristischen Gesellschaft zu Berlin
|v 146
|
| 583 |
1 |
|
|a Archivierung prüfen
|c 20240324
|f DE-4165
|z 3
|2 pdager
|
| 689 |
0 |
0 |
|d s
|0 (DE-588)4073136-4
|0 (DE-627)106093207
|0 (DE-576)209189509
|a Justiz
|2 gnd
|
| 689 |
0 |
1 |
|d s
|0 (DE-588)4043188-5
|0 (DE-627)106210866
|0 (DE-576)20905459X
|a Öffentlichkeitsarbeit
|2 gnd
|
| 689 |
0 |
2 |
|d s
|0 (DE-588)4020343-8
|0 (DE-627)106318454
|0 (DE-576)208932917
|a Gerichtsberichterstattung
|2 gnd
|
| 689 |
0 |
|
|5 DE-101
|
| 810 |
2 |
|
|a Juristische Gesellschaft zu Berlin
|t Schriftenreihe der Juristischen Gesellschaft zu Berlin
|v 146
|9 146
|w (DE-627)165816449
|w (DE-576)023439467
|w (DE-600)20131-5
|7 am
|
| 889 |
|
|
|w (DE-627)275840751
|
| 935 |
|
|
|i sf
|
| 935 |
|
|
|i Blocktest
|
| 935 |
|
|
|h HEB
|i 0501
|
| 935 |
|
|
|h HEB
|i 0503
|
| 936 |
r |
v |
|a PC 2900
|b Allgemeine juristische Serien
|k Rechtswissenschaft
|k Allgemeines zum juristischen Studium und zur Rechtswissenschaft
|k Gesamtdarstellungen, Querschnittsfragen
|k Allgemeine juristische Serien
|0 (DE-627)1270714155
|0 (DE-625)rvk/135067:
|0 (DE-576)200714155
|
| 936 |
r |
v |
|a PC 4750
|b Vorträge und Reden
|k Rechtswissenschaft
|k Allgemeines zum juristischen Studium und zur Rechtswissenschaft
|k Kleinschrifttum
|k Vorträge und Reden
|0 (DE-627)1271142287
|0 (DE-625)rvk/135086:
|0 (DE-576)201142287
|
| 936 |
r |
v |
|a PG 430
|b Einzeldarstellungen
|k Rechtswissenschaft
|k Rechtspflege, Gerichtsverfassung, Zivilverfahrensrecht und Nebengebiete
|k Gerichtsverfassung, Rechtspflege, Notariat (BF Notar recht), Justizverwaltung
|k Einzeldarstellungen
|0 (DE-627)1270805436
|0 (DE-625)rvk/135945:
|0 (DE-576)200805436
|
| 936 |
r |
v |
|a PC 4720
|b Sammelwerke
|k Rechtswissenschaft
|k Allgemeines zum juristischen Studium und zur Rechtswissenschaft
|k Festschriften, Sammelwerke
|k Sammelwerke
|0 (DE-627)1271142279
|0 (DE-625)rvk/135084:
|0 (DE-576)201142279
|
| 936 |
b |
k |
|a 86.05
|j Rechtssoziologie
|j Rechtspsychologie
|0 (DE-627)106413457
|
| 936 |
s |
n |
|a p100
|2 mzub
|
| 936 |
s |
n |
|a m200
|2 mzub
|
| 936 |
s |
n |
|a a300
|2 mzub
|
| 951 |
|
|
|a BO
|
| ELC |
|
|
|b 1
|
| LOK |
|
|
|0 000 xxxxxcx a22 zn 4500
|
| LOK |
|
|
|0 001 3128585059
|
| LOK |
|
|
|0 003 DE-627
|
| LOK |
|
|
|0 004 211916412
|
| LOK |
|
|
|0 005 20151116135159
|
| LOK |
|
|
|0 008 150728||||||||||||||||ger|||||||
|
| LOK |
|
|
|0 035
|a (DE-21-110)kd49149
|
| LOK |
|
|
|0 040
|a DE-21-110
|c DE-627
|d DE-21-110
|
| LOK |
|
|
|0 689
|a s
|a Gerichtsberichterstattung
|
| LOK |
|
|
|0 689
|a s
|a Geschichte
|
| LOK |
|
|
|0 689
|a s
|a Öffentlichkeitsarbeit
|
| LOK |
|
|
|0 689
|a s
|a Justiz
|
| LOK |
|
|
|0 689
|a s
|a Pressestellen
|
| LOK |
|
|
|0 852
|z Kein Bestand am IfK; Nachweis für KrimDok
|
| LOK |
|
|
|0 852
|a DE-21-110
|
| LOK |
|
|
|0 852 1
|9 00
|
| LOK |
|
|
|0 935
|a k110
|
| LOK |
|
|
|0 939
|a 28-07-15
|b l01
|
| ORI |
|
|
|a SA-MARC-krimdoka001.raw
|